Review in food and nutrition toxicity
שמור ב:
| פורמט: | ספר |
|---|---|
| שפה: | Undetermined |
| יצא לאור: |
London
Taylor & Francis
2003
|
| נושאים: | |
| תגים: |
הוספת תג
אין תגיות, היה/י הראשונ/ה לתייג את הרשומה!
|
| Thư viện lưu trữ: | Trung tâm Học liệu Trường Đại học Cần Thơ |
|---|
| LEADER | 00504nam a2200181Ia 4500 | ||
|---|---|---|---|
| 001 | CTU_98637 | ||
| 008 | 210402s9999 xx 000 0 und d | ||
| 020 | |c 93.92 | ||
| 082 | |a 336.8561 | ||
| 082 | |b R454/Vol.1 | ||
| 245 | 0 | |a Review in food and nutrition toxicity | |
| 245 | 0 | |c Edited by Victor R. Preedy, Ronald R. Watson | |
| 260 | |a London | ||
| 260 | |b Taylor & Francis | ||
| 260 | |c 2003 | ||
| 650 | |a Nutrition policy | ||
| 904 | |i Minh | ||
| 980 | |a Trung tâm Học liệu Trường Đại học Cần Thơ | ||